header

Manageria Accounting (Record no. 258916)

MARC details
000 -LEADER
fixed length control field 00212nam a22000977a 4500
020 ## - INTERNATIONAL STANDARD BOOK NUMBER
ISBN 978007066779
245 ## - TITLE STATEMENT
Title Manageria Accounting
250 ## - EDITION STATEMENT
Edition statement 7th ed
260 ## - PUBLICATION, DISTRIBUTION, ETC. (IMPRINT)
Place of publication New Delhi
Name of publisher McGgraw -Hill
Year of publication 2008
942 ## - ADDED ENTRY ELEMENTS (KOHA)
Koha item type Long Loan Books
Holdings
Withdrawn status Lost status Collection code Home library Current library Shelving location Date acquired Full call number Accession Number Koha item type
    Non-fiction Rongo University Library Rongo University Library General Stacks 03/08/2020 HF5635 .F79 2008 201902034 Long Loan Books

© 2026 Rongo University
Contact us: librarian | system librarian | Rongo university